| 000 | 00463nam a2200181Ia 4500 | ||
|---|---|---|---|
| 001 | 44661 | ||
| 008 | 140428s9999 xx 000 0 und d | ||
| 020 | _aNA | ||
| 040 | _cPK-LaUMT | ||
| 082 |
_aRHC 891.4394 _bTAY-K |
||
| 100 | _aTayyab Ansari | ||
| 245 |
_aKhayaalaat-e-Iqbal (Urdu) _cTayyab Ansari |
||
| 260 |
_aHyderabad,India: _bAdbi Markaz Ijaz Printing, _c1993 |
||
| 300 | _a104 p. | ||
| 546 | _aUR | ||
| 650 | _aPakistani literature-Urdu | ||
| 942 | _cBK | ||
| 999 |
_c42641 _d42641 |
||